Alcaldes de Valencia - Estadísticas

Estadísticas generales
  • Esta prueba ha sido intentada 25 veces
  • La puntuación promedio es 3 de 6
Estadísticas de respuestas
Partido Alcalde % Correcto
Partido Popular Rita Barberá
96%
Compromís Joan Ribó
83%
Partido Popular María José Catalá
65%
Partido Socialista Obrero Español Clementina Ródenas
22%
Partido Socialista Obrero Español Ricard Pérez Casado
9%
Partido Socialista Obrero Español Fernando Martínez Castellano
4%
No se encontraron pruebas coincidentes
Distribución de puntuación
Porcentaje de gente con cada puntuación
Porcentaje por número respondido
Historial de tus puntuaciones
No has intentado esta prueba.